Электроника: учебное пособие

Dades bibliogràfiques
Autor principal: Сергеев В. М. Виталий Михайлович
Autor corporatiu: Томский политехнический университет
Idioma:rus
Publicat: Томск, Изд-во ТПУ, 2000-
Format: Llibre
KOHA link:https://koha.lib.tpu.ru/cgi-bin/koha/opac-detail.pl?biblionumber=64847

MARC

LEADER 00000nam1a2200000 4500
001 64847
005 20231031070014.0
035 |a (RuTPU)RU\TPU\book\68847 
035 |a RU\TPU\book\57930 
090 |a 64847 
100 |a 20040609d2000 m y0rusy50 ca 
101 0 |a rus 
102 |a RU 
200 1 |a Электроника  |e учебное пособие  |f В. М. Сергеев  |g Томский политехнический университет 
210 |a Томск  |c Изд-во ТПУ  |d 2000- 
700 1 |a Сергеев  |b В. М.  |g Виталий Михайлович 
712 0 2 |a Томский политехнический университет  |2 stltpush  |3 (RuTPU)RU\TPU\col\376 
801 1 |a RU  |b 63413507  |c 20030909  |g PSBO 
801 2 |a RU  |b 63413507  |c 20040609  |g PSBO 
942 |c BK